<?xml version="1.0" encoding="UTF-8"?>
<collection xmlns="http://www.loc.gov/MARC21/slim">
 <record>
  <leader>01076nam a2200217 a 4500</leader>
  <controlfield tag="001">1/24836</controlfield>
  <controlfield tag="008">040108s2005    gr a     bm   00010 gre d</controlfield>
  <datafield tag="035" ind1=" " ind2=" ">
   <subfield code="l">26618</subfield>
  </datafield>
  <datafield tag="040" ind1=" " ind2=" ">
   <subfield code="a">GR-PeUP</subfield>
  </datafield>
  <datafield tag="082" ind1="0" ind2="0">
   <subfield code="a">519.5'5 ΔΡΥ</subfield>
  </datafield>
  <datafield tag="100" ind1="1" ind2=" ">
   <subfield code="a">Δρυμώνης, Μανώλης Π.</subfield>
  </datafield>
  <datafield tag="245" ind1="1" ind2="0">
   <subfield code="a">Ανάλυση κατηγορικών χρονοσειρών /</subfield>
   <subfield code="c">Δρυμώνης, Μανώλης Π.</subfield>
  </datafield>
  <datafield tag="260" ind1=" " ind2=" ">
   <subfield code="a">Πειραιάς :</subfield>
   <subfield code="b">[χ.ό.],</subfield>
   <subfield code="c">2005</subfield>
  </datafield>
  <datafield tag="300" ind1=" " ind2=" ">
   <subfield code="a">135 σ. :</subfield>
   <subfield code="b">πίν., σχεδγρ. ;</subfield>
   <subfield code="c">30 εκ. +</subfield>
   <subfield code="e">1 οπτικό δίσκο Η/Υ</subfield>
  </datafield>
  <datafield tag="502" ind1=" " ind2=" ">
   <subfield code="a">Διατριβή (Δ.Ε.)--Πανεπιστήμιο Πειραιώς, 2005</subfield>
  </datafield>
  <datafield tag="504" ind1=" " ind2=" ">
   <subfield code="a">Περιέχει βιβλιογραφία</subfield>
  </datafield>
  <datafield tag="650" ind1=" " ind2="4">
   <subfield code="a">Διατριβές.</subfield>
  </datafield>
  <datafield tag="650" ind1=" " ind2="4">
   <subfield code="a">Time-series analysis.</subfield>
  </datafield>
  <datafield tag="710" ind1="2" ind2=" ">
   <subfield code="a">Πανεπιστήμιο Πειραιώς. Τμήμα Στατιστικής και Ασφαλιστικής Επιστήμης.</subfield>
  </datafield>
  <datafield tag="852" ind1=" " ind2=" ">
   <subfield code="a">INST</subfield>
   <subfield code="b">UNIPILB</subfield>
   <subfield code="c">DISS</subfield>
   <subfield code="e">20050222</subfield>
   <subfield code="h">519.5'5 ΔΡΥ</subfield>
   <subfield code="p">00146750</subfield>
   <subfield code="q">00146750</subfield>
   <subfield code="t">NOLOAN</subfield>
   <subfield code="y">23</subfield>
   <subfield code="4">1</subfield>
  </datafield>
  <datafield tag="856" ind1="4" ind2="1">
   <subfield code="u">http://digilib.lib.unipi.gr/dspace/handle/unipi/312</subfield>
  </datafield>
 </record>
</collection>
